000 01379cam a2200397 4500
999 _c24137
_d24137
001 vtls012271384
005 20260211094941.0
008 250217s2024 xo g 000 f slo
020 _a9788022216296
_q(viazané)
040 _aSNK
_bslo
_cSNK
_erda
041 1 _aslo
_heng
044 _axo
_cSK
072 7 _a821.111-3
_xAnglická próza, anglicky písaná
_2konspekt
080 _a(0:82-311.6)
_22011
080 _a(0:82-312.4)
_22011
100 1 _aFollett, Ken,
_d1949-
_4aut
_95351
240 1 0 _aEye of the needle
_lSlovensky
245 1 0 _aOko ihly
_cKen Follet ; z anglického originálu Eye of the needle ... preložila Katarína Jusková
250 _aVydanie I.
264 1 _aBratislava
_bTatran
_c2024
300 _a318 strán
_c24 cm
336 _atext
_btxt
_2rdacontent
337 _abez média
_bn
_2rdamedia
338 _azväzok
_bnc
_2rdacarrier
500 _aObsahuje profesijné údaje o autorovi na záložke prebalu publikácie
655 7 _aanglické romány
_2SNKPH
_98
655 7 _atrilery (romány)
_2SNKPH
_92135
655 7 _aEnglish fiction
_2SNKPHeng
_99
655 7 _aThrillers (novels)
_2SNKPHeng
_91722
700 1 _aJusková, Katarína,
_d1947-
_4trl
_95218
700 1 _aKantorová-Báliková, Jana,
_d1951-
_4trl
_92662
700 1 _aZentko, Peter
_4bjd
_95357
958 _aLX
958 _aUP